00338nam a22001217a 4500003000400000005001700004008004100021020001800062040001000080100002700090245006700117260003200184OSt20240918104335.0240918s2022 ag ||||| |||| 00| 0 spa d a9789877026023 cbesoc aCalveiro, PilareAutor aDesaparición y Gubernamentalidad en MéxicocPilar Calveiro aRosario:bUNR Editorac2022